'M' in Geography Quiz Stats

Quiz Updated Jul 17, 2017

Also try: 'A' in Geography
Challenge
Share
Tweet
Score 0/16 Timer 05:00
0 Plays Today
Question Answer % Correct
Which borough of New York City is the most densely populated?Manhattan
96.6%
Which Indian city, the most populous, was formerly known as 'Bombay'?Mumbai
84.6%
Which Australian city is the most populous in Victoria, and second most populous in the country?Melbourne
80.3%
Can you name the landmark in the images above?Machu Picchu
80.1%
What Canadian province has Winnipeg as its largest and capital city?Manitoba
72.3%
What desert largely occupies SE California, as well as areas of Arizona, Nevada and Utah?Mojave
70.5%
What imaginary arc on the Earth's surface joins points of equal longitude, e.g. Greenwich?Meridian
64.4%
Can you name the country whose flag is in the images above?Macedonia
60.9%
Question Answer % Correct
What is the old name for the highest mountain in North America, Denali, at 6,168m above sea level?Mount McKinley
59.9%
Which Special Administrative Region of China was formerly a Portuguese colony?Macau
56.9%
Which river is the world's 12th longest, running from the Tibetan Plateau to the South China Sea?Mekong
45.7%
Can you name the geographical feature in the images above?Mesa
41.2%
Can you name the country whose outline is in the images above?Monaco
36.9%
Which Portuguese island, in an archipelago of the same name, has the capital, Funchal?Madeira
31.9%
What is Australia's longest river at 2,508km long?Murray
29.6%
What is the world's tallest mountain, rising 10,203m from the Pacific Ocean floor?Mauna Kea
22.8%

You're not logged in!

Compare scores with friends on all Sporcle quizzes.
Sign Up with Email
OR
Log In

You Might Also Like...

Show Comments

Extras

Top Quizzes Today


Score Distribution

Your Account Isn't Verified!

In order to create a playlist on Sporcle, you need to verify the email address you used during registration. Go to your Sporcle Settings to finish the process.